Planeamiento de la enseñanza

Bewaard in:
Bibliografische gegevens
Hoofdauteur: Popham, W. James
Andere auteurs: Baker, Eva L
Formaat: Boek
Taal:Spaans
Gepubliceerd in: Buenos Aires, Argentina Paidós 1970
Reeks:Biblioteca del Educador Contemporáneo. Serie Mayor. 31
Onderwerpen:
Tags: Voeg label toe
Geen labels, Wees de eerste die dit record labelt!

MARC

LEADER 00000nam a2200000 a 4500
001 UCZ0558
003 CL-VaPUC
005 20240826110051.0
008 950728e19700000AG |||||||||||||||||spa|d
999 |c 237477  |d 237475 
040 |c Pontificia Universidad Católica de Valparaíso 
082 0 4 |a 371.2 POP 1970  |2 21 
100 0 |a Popham, W. James  |9 343525 
245 1 0 |a Planeamiento de la enseñanza 
260 0 3 |a Buenos Aires, Argentina  |b Paidós  |c 1970 
300 |a 136 páginas 
490 0 |a Biblioteca del Educador Contemporáneo. Serie Mayor.  |v 31 
583 |a last modification  |c 19950728 00:00:00  |k Rodrigo Vera 
650 0 |a Planificación de la educación   |9 307333 
650 7 |a PAPEL DE LA EDUCACION  |2 CL-VaPUC  |9 338800 
650 0 |a Alumnos   |9 335074 
650 0 |a Disciplina escolar  |9 271077 
650 7 |a TESTS  |2 CL-VaPUC  |9 309359 
700 0 |a Baker, Eva L  |9 343526 
942 |c BK  |2 ddc 
945 |d 19950728 00:00:00  |a cmena 
952 |0 0  |1 0  |2 ddc  |4 0  |6 371_200000000000000_POP_1970  |7 0  |8 P  |9 246630  |a BIBEDU  |b BIBEDU  |c BIBEDU_PB  |d 2019-11-18  |i 1547801  |o 371.2 POP 1970  |p 1547801  |r 2024-01-25  |t 2  |w 2019-11-18  |y BK  |k EDU 
952 |0 0  |1 0  |2 ddc  |4 0  |6 371_200000000000000_POP_1970  |7 0  |8 P  |9 246631  |a BIBEDU  |b BIBEDU  |c BIBEDU_PB  |d 2019-11-18  |i 154781K  |o 371.2 POP 1970  |p 154781K  |r 2024-01-25  |t 3  |w 2019-11-18  |y BK  |k EDU 
952 |0 0  |1 0  |2 ddc  |4 0  |6 371_200000000000000_POP_1970  |7 0  |8 P  |9 246632  |a BIBEDU  |b BIBEDU  |c BIBEDU_PB  |d 2019-11-18  |i 1547828  |o 371.2 POP 1970  |p 1547828  |r 2024-01-25  |t 4  |w 2019-11-18  |y BK  |k EDU 
952 |0 0  |1 0  |2 ddc  |4 0  |6 371_200000000000000_POP_1970  |7 0  |8 P  |9 246633  |a BIBEDU  |b BIBEDU  |c BIBEDU_PB  |d 2019-11-18  |i 1547836  |o 371.2 POP 1970  |p 1547836  |r 2024-01-25  |t 5  |w 2019-11-18  |y BK  |k EDU 
952 |0 0  |1 0  |2 ddc  |4 0  |6 371_200000000000000_POP_1970  |7 0  |8 P  |9 246634  |a BIBEDU  |b BIBEDU  |c BIBEDU_PB  |d 2019-11-18  |i 1547844  |o 371.2 POP 1970  |p 1547844  |r 2024-01-25  |t 6  |w 2019-11-18  |y BK  |k EDU 
952 |0 0  |1 0  |2 ddc  |4 0  |6 371_200000000000000_POP_1970  |7 0  |8 P  |9 246635  |a BIBEDU  |b BIBEDU  |c BIBEDU_PB  |d 2019-11-18  |i 1547852  |o 371.2 POP 1970  |p 1547852  |r 2024-01-25  |t 7  |w 2019-11-18  |y BK  |k EDU 
952 |0 0  |1 0  |2 ddc  |4 0  |6 371_200000000000000_POP_1970  |7 0  |8 A  |9 246636  |a BIBCUR  |b BIBCUR  |d 2019-11-18  |i 2914735  |o 371.2 POP 1970  |p 2914735  |r 2025-04-22  |t 1  |w 2019-11-18  |y BK  |k BIO 
952 |0 0  |1 0  |2 ddc  |4 0  |6 371_200000000000000_POP_1970  |7 0  |8 A  |9 246637  |a BIBEDU  |b BIBEDU  |d 2019-11-18  |i 1247360  |o 371.2 POP 1970  |p 1247360  |r 2023-01-12  |t 8  |w 2019-11-18  |y BK  |k MUS